| 000 | 00451nam a22001457a 4500 | ||
|---|---|---|---|
| 999 |
_c99050 _d99050 |
||
| 005 | 20230516095211.0 | ||
| 008 | 171010b xxu||||| |||| 00| 0 eng d | ||
| 040 | _cPK-LaUMT | ||
| 082 |
_aPKAC 320.95491 _bPER-M |
||
| 100 | _aParveen Khan = پروین خان | ||
| 245 |
_aMartial law kay qaidi = مارشل لاء کے قیدی/ _cby Parveen Khan = پروین خان |
||
| 260 |
_aLahore : _bDuff Publishers, _c1987 |
||
| 300 | _a304 p. | ||
| 942 | _cBK | ||